Представление документа в формате MARC21

Поле Инд. ПП Название Значение
Тип записи a
Библиографический уровень m
001 Контрольный номер RU/IS/BASE/264546258
005 Дата корректировки 20250418171806.9
008 Кодируемые данные 19971118
040 00 e Правила каталог. Л 971118
084 a Индекс другой классификации/Индекс ББК 84(4Пол)6; 84(4Пол)6-5; 84(4Пол)6-44; 84(4Пол)6-6; 84(4Пол)6-49; 84(4Пол)6-46
090 00 a Полочн. индекс 84(4Пол)6
x Авторский знак И 242
097 00 a 210
100 1_ a Автор Ивашкевич Я.
q Полное имя Ивашкевич Ярослав
245 00 a Заглавие Избранное
b Продолж. заглавия перевод с польского
c Ответственность составители Б. Британишский, В. Витт; примечания В. Хорева; художник В. Медведев
260 00 a Место издания Москва
b Издательство Художественная литература
c Дата издания 1973
300 00 a Объем 632 с.
b Иллюстрации/ тип воспроизводства портр.
336 a Термин вида содержания Текст
337 a Термин типа средства непосредственный
440 a Серия Библиотека польской литературы
504 a Библиография Примеч.: с. 611-625
505 a Форматированное содержание Барышни из Волчиков
505 0_ a Форматированное содержание Роза
505 0_ a Форматированное содержание Битва на Сейджмурской равнине
505 0_ a Форматированное содержание Мать Иоанна от Ангелов
505 0_ a Форматированное содержание Икар
505 0_ a Форматированное содержание Мельница на Лютыне
505 0_ a Форматированное содержание Августовский день
505 0_ a Форматированное содержание Белочка
505 0_ a Форматированное содержание Девушка и голуби
505 0_ a Форматированное содержание Лето в Ноане
505 0_ a Форматированное содержание "Война и мир"
505 0_ a Форматированное содержание О Паустовском
505 0_ a Форматированное содержание Радищев
650 a Основная рубрика художественная литература
653 00 a Ключевые слова XX век
a Ключевые слова польская литература
a Ключевые слова Польша
655 00 a Жанр/ форма (устаревшее) проза
a Жанр/ форма (устаревшее) поэзия
a Жанр/ форма (устаревшее) стихотворение
a Жанр/ форма (устаревшее) элегия
a Жанр/ форма (устаревшее) повесть
a Жанр/ форма (устаревшее) рассказ
a Жанр/ форма (устаревшее) драма
a Жанр/ форма (устаревшее) мемуары (воспоминания)
a Жанр/ форма (устаревшее) публицистика
700 a Автор Британишский Б.
e Роль лиц составитель
700 1_ a Автор Витт В.
e Роль лиц составитель; автор предисловия
700 1_ a Автор Хорев В.
e Роль лиц автор предисловия
700 1_ a Автор Медведев В.
e Роль лиц художник
901 t Тип документа m
952 a Тип литературы для КСУ ВШ ЛХИ